[Event "Detroit (HPO/1/1)"]
[Site "?"]
[Date "1991.??.??"]
[Round "?"]
[White "McCarter, Robert"]
[Black "Basin, Leonid"]
[Result "0-1"]
[WhiteElo "1725"]
[BlackElo "2465"]
[PlyCount "40"]
[EventDate "1991.??.??"]

{1/(1)} 1. d4 Nf6 2. Nf3 e6 3. e3 c5 4. c3 Nc6 5. Bd3 d5 6. Nbd2 Bd6 7. Qe2 O-O
8. O-O e5 9. dxe5 Nxe5 10. Nxe5 Bxe5 11. Nf3 Bc7 12. h3 Re8 13. Qc2 c4 14. Be2
Ne4 15. Nd4 Qd6 16. Nf3 Bf5 17. Qd1 Ng5 18. Re1 Nxf3+ 19. Bxf3 Qh2+ 20. Kf1
Bd3+ 0-1

[Event "Detroit (HPO/5/16)"]
[Site "?"]
[Date "1991.??.??"]
[Round "?"]
[White "Mazuchowski, Tom"]
[Black "Schafer, Jurgen"]
[Result "1-0"]
[WhiteElo "2120"]
[BlackElo "1605"]
[PlyCount "81"]
[EventDate "1991.??.??"]

{5/(16)} 1. e4 c5 2. Nf3 Nc6 3. d4 cxd4 4. Nxd4 d6 5. Nc3 Nf6 6. Bg5 a6 7. Be2
e6 8. O-O Be7 9. a4 O-O 10. Kh1 Bd7 11. Nb3 Re8 12. a5 Na7 13. Be3 Nb5 14. Nxb5
axb5 15. Bb6 Qc8 16. Bd3 Bc6 17. Qe2 e5 18. f3 Qd7 19. c4 bxc4 20. Bxc4 Rac8
21. Rfd1 Bd8 22. Bf2 Qe7 23. Bh4 h6 24. Rd2 g5 25. Bf2 Nh5 26. g3 Qf6 27. Bd5
Kh7 28. f4 Qg6 29. f5 Nxg3+ 30. hxg3 Qf6 31. Kg2 Rg8 32. Rad1 g4 33. Be3 Qg7
34. Bxc6 bxc6 35. Rxd6 Bg5 36. Bxg5 Qxg5 37. Qd2 Qxd2+ 38. R1xd2 Rg5 39. a6 c5
40. Rd7 Kg7 41. Rd8 1-0

[Event "Detroit (HPO/1/10)"]
[Site "?"]
[Date "1991.??.??"]
[Round "?"]
[White "Mazuchowski, Tom"]
[Black "Endres, John"]
[Result "1-0"]
[WhiteElo "2120"]
[BlackElo "1605"]
[PlyCount "39"]
[EventDate "1991.??.??"]

{1/(10)} 1. e4 e5 2. Nf3 Nc6 3. d4 exd4 4. Bc4 Bb4+ 5. c3 dxc3 6. O-O Qe7 7. a3
cxb2 8. Bxb2 Ba5 9. Bxg7 Nf6 10. Bxh8 d6 11. Nbd2 Bg4 12. Qb3 O-O-O 13. Bxf6
Qxf6 14. Rab1 Bb6 15. Bxf7 Nd4 16. Nxd4 Qxd4 17. Be6+ Bxe6 18. Qxe6+ Kb8 19.
Nc4 Bc5 20. Qd5 1-0

[Event "Detroit (HPO/3/1)"]
[Site "?"]
[Date "1991.??.??"]
[Round "?"]
[White "Mazuchowski, Tom"]
[Black "Basin, Leonid"]
[Result "0-1"]
[WhiteElo "2120"]
[BlackElo "2465"]
[PlyCount "54"]
[EventDate "1991.??.??"]

{3/(1)} 1. e4 c5 2. Nf3 d6 3. d4 cxd4 4. Nxd4 Nf6 5. Nc3 Nc6 6. Bg5 Bd7 7. Be2
Qa5 8. Bxf6 gxf6 9. Nb3 Qg5 10. g3 f5 11. f4 Qg6 12. e5 dxe5 13. fxe5 Bg7 14.
Nc5 Be6 15. Bh5 Qh6 16. Nxe6 Qxe6 17. O-O Qxe5 18. Qf3 e6 19. Rae1 Qc5+ 20. Kh1
O-O 21. Qg2 Rad8 22. Bf3 Rd4 23. Nd1 Rfd8 24. c3 Rd2 25. Qh3 Ne5 26. Bg2 Ng4
27. Bf3 Rxh2+ 0-1

[Event "Detroit (MI Action/6)"]
[Site "?"]
[Date "1991.??.??"]
[Round "?"]
[White "Martell, Raul"]
[Black "West, Tony"]
[Result "1-0"]
[WhiteElo "1605"]
[BlackElo "1605"]
[PlyCount "49"]
[EventDate "1991.??.??"]

1. e4 e5 2. Nf3 Nf6 3. d3 Bc5 4. Nxe5 d6 5. Nc4 Bg4 6. Be2 O-O 7. Bxg4 Nxg4 8.
Qxg4 Bb4+ 9. c3 Bc5 10. Bh6 Qf6 11. d4 Qxh6 12. dxc5 dxc5 13. O-O Nd7 14. Qxd7
Rad8 15. Qxc7 Qe6 16. Nbd2 Qg4 17. h3 Qe6 18. Qxc5 Qa6 19. Rad1 Qxa2 20. Qa3
Qxa3 21. bxa3 Rfe8 22. Nb3 Rxd1 23. Rxd1 Rxe4 24. Rd8+ Re8 25. Rxe8# 1-0

[Event "Detroit (HPO/2/6)"]
[Site "?"]
[Date "1991.??.??"]
[Round "?"]
[White "Manion, Tom"]
[Black "Thomas, C."]
[Result "0-1"]
[WhiteElo "1865"]
[BlackElo "2130"]
[PlyCount "36"]
[EventDate "1991.??.??"]

{2/(6)} 1. Nf3 d5 2. e3 Nf6 3. b3 Nc6 4. Bb2 Bg4 5. Bb5 e6 6. d4 Ne4 7. O-O Bd6
8. c4 O-O 9. c5 Be7 10. Bxc6 bxc6 11. Bc3 f5 12. h3 Bh5 13. Be1 f4 14. Nc3 Ng5
15. Bd2 Qe8 16. Kh1 Bxf3 17. gxf3 Qh5 18. Re1 Qxh3+ 0-1

[Event "Detroit (HPO/5/8)"]
[Site "?"]
[Date "1991.??.??"]
[Round "?"]
[White "Manion, Tom"]
[Black "Calton, Bill"]
[Result "0-1"]
[WhiteElo "1865"]
[BlackElo "2080"]
[PlyCount "104"]
[EventDate "1991.??.??"]

{5/(8)} 1. e4 e5 2. Nf3 Nc6 3. Bb5 Nd4 4. Nxd4 exd4 5. O-O Bc5 6. d3 c6 7. Bc4
d5 8. exd5 cxd5 9. Re1+ Ne7 10. Bb3 O-O 11. Bg5 f6 12. Bf4 Kh8 13. Nd2 Bf5 14.
Qf3 Qd7 15. h3 Rac8 16. Re2 g5 17. Rxe7 Bxe7 18. Bh2 Bg6 19. Nf1 Bb4 20. a3 Ba5
21. Ng3 Bc7 22. Bxd5 Bxg3 23. Bxg3 Rxc2 24. Bxb7 Rxb2 25. Bc6 Qf5 26. Bd6 Qxf3
27. Bxf3 Rc8 28. Be4 Bxe4 29. dxe4 d3 30. Rd1 d2 31. Kf1 Rc1 32. Ke2 Rxd1 33.
Kxd1 Kg8 34. g3 Kf7 35. f4 gxf4 36. gxf4 Ke6 37. Bb4 Ra2 38. h4 h5 39. Ke2 a6
40. Kd1 Kd7 41. e5 Ke6 42. Bd6 Kf5 43. Ke2 Ke6 44. Kd1 fxe5 45. fxe5 Rb2 46.
Ke2 d1=Q+ 47. Kxd1 Rh2 48. Ke1 Rxh4 49. Kf2 Re4 50. Kg3 a5 51. Kh3 a4 52. Kg3
Rxe5 0-1

[Event "Detroit (HPO/2/17)"]
[Site "?"]
[Date "1991.??.??"]
[Round "?"]
[White "Maloy, Mickey"]
[Black "Walker, Douglas"]
[Result "1-0"]
[WhiteElo "2000"]
[BlackElo "1605"]
[PlyCount "73"]
[EventDate "1991.??.??"]

{2/(17)} 1. e4 e5 2. Nf3 Nf6 3. d4 Nxe4 4. Bd3 d5 5. dxe5 Be7 6. O-O O-O 7. Re1
Bf5 8. Be3 c5 9. c4 Bg6 10. Qc2 Nc6 11. a3 Ng5 12. Bxg5 Bxg5 13. cxd5 Nd4 14.
Nxd4 cxd4 15. Bxg6 hxg6 16. Qe4 Qb6 17. f4 Qxb2 18. Nd2 Qxd2 19. fxg5 Qxg5 20.
Qxd4 b6 21. Re3 Rac8 22. Rae1 Rc2 23. Rg3 Qd2 24. Rd1 Qe2 25. d6 Rd8 26. Rf1
Rd7 27. Qd5 Rc8 28. Rgf3 Qc4 29. Qd2 Qe6 30. Qg5 Rc5 31. Re3 Rxd6 32. exd6 Rxg5
33. Rxe6 fxe6 34. Rd1 Kf7 35. d7 Rd5 36. Rxd5 exd5 37. d8=Q 1-0

[Event "Detroit (HPO/3/35)"]
[Site "?"]
[Date "1991.??.??"]
[Round "?"]
[White "Malone, Jamal"]
[Black "Vaughn, Gerald"]
[Result "0-1"]
[WhiteElo "1605"]
[BlackElo "1605"]
[PlyCount "68"]
[EventDate "1991.??.??"]

{3/(35)} 1. e4 e5 2. Nf3 Nc6 3. d4 exd4 4. Nxd4 Nf6 5. Nc3 Bb4 6. Bg5 O-O 7.
Nxc6 bxc6 8. e5 Re8 9. Be2 Rxe5 10. Qd4 Bxc3+ 11. Qxc3 Rxg5 12. Bf3 Qe7+ 13.
Kd2 Qd6+ 14. Kc1 Rb8 15. Rd1 Nd5 16. Bxd5 cxd5 17. Re1 Ba6 18. Kd2 Qf4+ 19. Qe3
Qxe3+ 20. Rxe3 Kf8 21. g3 Rxb2 22. Rb3 Rxb3 23. axb3 Rg6 24. Ra4 c5 25. Ra5 Rc6
26. Ke3 d4+ 27. Ke4 Bb7 28. Rxa7 Re6+ 29. Kd3 Bc6 30. Kc4 d6 31. Ra6 Be4 32.
Ra2 g5 33. b4 Re5 34. c3 Bd5+ 0-1

[Event "Detroit (HPO/1/25)"]
[Site "?"]
[Date "1991.??.??"]
[Round "?"]
[White "Malone, Jamal"]
[Black "Manion, Tom"]
[Result "0-1"]
[WhiteElo "1605"]
[BlackElo "1865"]
[PlyCount "54"]
[EventDate "1991.??.??"]

{1/(25)} 1. e4 e5 2. f4 exf4 3. Nf3 d6 4. d4 g5 5. Nc3 h6 6. Bb5+ Bd7 7. Bxd7+
Qxd7 8. Qd3 Nc6 9. d5 Nb4 10. Qc4 Nxc2+ 11. Kd1 Nxa1 12. Qb5 O-O-O 13. Qxd7+
Rxd7 14. e5 Bg7 15. e6 fxe6 16. dxe6 Re7 17. Re1 c6 18. Re4 Nf6 19. Re1 Ng4 20.
h3 Ne5 21. Nxe5 Bxe5 22. Ne2 Rhe8 23. Bd2 Bxb2 24. Bb4 Rxe6 25. Nxf4 gxf4 26.
Rf1 Re4 27. Bxd6 Rd4# 0-1

[Event "Ann Arbor (MI Inv Semi Playoff)"]
[Site "?"]
[Date "1991.??.??"]
[Round "?"]
[White "Lindsay, F."]
[Black "Tsemekhman, Vadim"]
[Result "1-0"]
[WhiteElo "2385"]
[BlackElo "2435"]
[PlyCount "158"]
[EventDate "1991.??.??"]

1. d4 Nf6 2. Nf3 g6 3. c4 Bg7 4. Nc3 O-O 5. e4 d6 6. Be2 e5 7. dxe5 dxe5 8.
Qxd8 Rxd8 9. Bg5 Nbd7 10. O-O-O Rf8 11. Ne1 Nc5 12. f3 Ne6 13. Be3 c6 14. Nc2
Re8 15. b4 Nh5 16. g3 Nf6 17. a3 h5 18. h4 Nh7 19. Kb2 f5 20. c5 f4 21. Bf2
fxg3 22. Bxg3 Nhf8 23. Ne3 Nf4 24. Nc4 Be6 25. Nd6 Re7 26. Rhg1 Kh7 27. Rd2 Bg8
28. Rgd1 N8e6 29. Bc4 Rf8 30. Bxf4 exf4 31. Kc2 Bf6 32. Bxe6 Bxe6 33. Rh2 Be5
34. Ne2 a5 35. Nd4 Bg8 36. Nb3 axb4 37. axb4 Bxb3+ 38. Kxb3 Rd7 39. Rhd2 Rfd8
40. Ra2 Kg8 41. Ra7 b5 42. Rxd7 Rxd7 43. Rd2 Kf8 44. Kc2 Ke7 45. Nc8+ Ke6 46.
Rh2 Rc7 47. Nb6 Ra7 48. Kb3 Bf6 49. Rg2 Rg7 50. Rh2 Bd8 51. Nc8 Bc7 52. Rg2 Bd8
53. Rh2 Bc7 54. Na7 Rd7 55. Nxc6 Rd3+ 56. Kc2 Rd7 57. Kc3 Be5+ 58. Nxe5 Kxe5
59. Rg2 Kf6 60. Rg5 Rc7 61. Kb3 Rd7 62. Rd5 Rc7 63. Rd6+ Kf7 64. Rb6 Rd7 65. c6
Rd3+ 66. Kc2 Rd6 67. Rb7+ Ke6 68. c7 Kd7 69. Rxb5 Kxc7 70. Rc5+ Kb6 71. Kc3 Re6
72. Kd4 Re8 73. e5 Rg8 74. Ke4 Rd8 75. e6 Rd1 76. Ke5 Re1+ 77. Kf6 Re3 78. e7
Rxe7 79. Kxe7 Kb7 $138 1-0

[Event "Ann Arbor (MI Inv Semi/1)"]
[Site "?"]
[Date "1991.??.??"]
[Round "?"]
[White "Lindsay, F."]
[Black "Tsemekhman, Vadim"]
[Result "1-0"]
[WhiteElo "2385"]
[BlackElo "2435"]
[PlyCount "135"]
[EventDate "1991.??.??"]

1. d4 Nf6 2. Nf3 g6 3. c4 Bg7 4. Nc3 O-O 5. e4 d6 6. Be2 e5 7. dxe5 dxe5 8.
Qxd8 Rxd8 9. Bg5 Nbd7 10. O-O-O Rf8 11. Ne1 Nc5 12. f3 Ne6 13. Be3 c6 14. Nc2
Re8 15. b4 Nh5 16. a3 Bf8 17. Rhe1 Nhg7 18. Bf2 Be7 19. Kb2 h5 20. h4 Nd4 21.
Nxd4 exd4 22. Bxd4 Bxh4 23. Rh1 Bg3 24. Bf6 Ne6 25. Rh3 Bf4 26. Rh4 Bg3 27. Rh3
Bf4 28. Rh4 Bg3 29. Rhh1 Nf4 30. Bf1 Kh7 31. Ne2 Nxe2 32. Bxe2 Kh6 33. Rd2 Be6
34. Rhd1 a5 35. Kb1 axb4 36. axb4 Ra4 37. Rd8 Ra8 38. Rxe8 Rxe8 39. Rd8 Rxd8
40. Bxd8 Be1 41. b5 g5 42. Kc2 Kg6 43. bxc6 bxc6 44. Kd3 Bf2 45. Be7 c5 46. Bd1
g4 47. fxg4 hxg4 48. Ba4 g3 49. Bd6 Bg4 50. Bc6 Be6 51. Bf4 Kh5 52. Bd5 Kh4 53.
Bxe6 fxe6 54. Kc2 Kg4 55. Bc1 Bd4 56. Kb3 Be5 57. Be3 Bf4 58. Bxc5 Kg5 59. Kc3
Kf6 60. Kd4 Bd2 61. Bd6 Be1 62. c5 Bf2+ 63. Kc4 Kf7 64. Kb5 Ke8 65. Kc6 Kd8 66.
Kb7 Kd7 67. e5 Be1 68. c6+ 1-0

[Event "Ann Arbor (MI Inv Pre/2)"]
[Site "?"]
[Date "1991.??.??"]
[Round "?"]
[White "Lindsay, F."]
[Black "O'Donnell, Robert"]
[Result "1-0"]
[WhiteElo "2385"]
[BlackElo "2290"]
[PlyCount "69"]
[EventDate "1991.??.??"]

1. d4 Nf6 2. c4 e6 3. Nf3 b6 4. Nc3 Bb4 5. Qb3 a5 6. Bg5 Bb7 7. a3 Bxc3+ 8.
Qxc3 h6 9. Bh4 g5 10. Bg3 Ne4 11. Qd3 f5 12. e3 d6 13. Nd2 Nxd2 14. Qxd2 Nd7
15. f3 Qf6 16. c5 bxc5 17. dxc5 Nxc5 18. Bb5+ Kf7 19. Rc1 a4 20. h4 Rhc8 21.
hxg5 hxg5 22. Rxc5 dxc5 23. Qd7+ Kg8 24. Qh7+ Kf8 25. Bxc7 Qg7 26. Bd6+ Kf7 27.
Be5 Qxh7 28. Rxh7+ Kg6 29. Rxb7 c4 30. Rg7+ Kh6 31. Re7 Rc5 32. Bg7+ Kg6 33.
Bd7 f4 34. Bd4 Rca5 35. Be8+ 1-0

[Event "Ann Arbor (MI Inv Final/1)"]
[Site "?"]
[Date "1991.??.??"]
[Round "?"]
[White "Lindsay, F."]
[Black "Basin, Leonid"]
[Result "1-0"]
[WhiteElo "2385"]
[BlackElo "2460"]
[PlyCount "79"]
[EventDate "1991.??.??"]

1. d4 Nf6 2. c4 e6 3. Nf3 b6 4. Nc3 Bb7 5. Bf4 Bb4 6. Qb3 a5 7. a3 Be7 8. Rd1
O-O 9. h3 d5 10. cxd5 Nxd5 11. Nxd5 exd5 12. e3 Nd7 13. Be2 c5 14. dxc5 Nxc5
15. Qa2 Rc8 16. Bc4 Qe8 17. Bxd5 Ba6 18. Bc4 Bxc4 19. Qxc4 Ne6 20. Qe2 Nxf4 21.
exf4 Bf6 22. Ne5 Rc5 23. Nd7 Qxe2+ 24. Kxe2 Re8+ 25. Kf3 Rc2 26. Rhe1 Rxe1 27.
Rxe1 h5 28. Re8+ Kh7 29. Nxf6+ gxf6 30. Re2 Rc5 31. Re4 Rc2 32. Re2 Rc5 33. Re3
a4 34. Re4 b5 35. Rd4 Kg6 36. g4 hxg4+ 37. hxg4 Rc2 38. f5+ Kg7 39. Rb4 Rc5 40.
Ke4 1-0

[Event "Detroit (HPO/1/20)"]
[Site "?"]
[Date "1991.??.??"]
[Round "?"]
[White "Lewis, Derrick"]
[Black "Sturgis, Derreck"]
[Result "1-0"]
[WhiteElo "1935"]
[BlackElo "1605"]
[PlyCount "91"]
[EventDate "1991.??.??"]

{1/(20)} 1. e4 c5 2. d4 cxd4 3. c3 dxc3 4. Nxc3 e6 5. Bc4 Nc6 6. Nf3 Bb4 7. O-O
Bxc3 8. bxc3 Nge7 9. Qd6 O-O 10. Ba3 a6 11. Rad1 b5 12. Bb3 Re8 13. Rfe1 Bb7
14. Qxd7 Qxd7 15. Rxd7 Bc8 16. Rc7 Ra7 17. Rxa7 Nxa7 18. Rd1 Nac6 19. Bc5 Bb7
20. Rd7 Ba8 21. Nd4 Nxd4 22. cxd4 Nc6 23. f3 Rd8 24. Rxd8+ Nxd8 25. Kf2 Nb7 26.
Ke3 Nxc5 27. dxc5 Kf8 28. Kd4 Ke8 29. a4 Kd7 30. axb5 axb5 31. Kc3 Kc6 32. Kb4
Bb7 33. Bc2 Ba6 34. f4 Bc8 35. Bd3 Ba6 36. e5 h6 37. Be4+ Kc7 38. Ka5 b4 39.
Kxa6 b3 40. Kb5 f6 41. g4 fxe5 42. fxe5 b2 43. h4 g5 44. hxg5 hxg5 45. c6 Kb8
46. Kb6 1-0

[Event "Detroit (HPO/3/12)"]
[Site "?"]
[Date "1991.??.??"]
[Round "?"]
[White "Lewis, Derrick"]
[Black "Morrow, Chris"]
[Result "0-1"]
[WhiteElo "1935"]
[BlackElo "1715"]
[PlyCount "71"]
[EventDate "1991.??.??"]

{3/(12)} 1. e4 Nc6 2. d4 d5 3. e5 Bf5 4. c3 a6 5. Bd3 Bxd3 6. Qxd3 e6 7. Ne2
Nge7 8. Bg5 h6 9. Bxe7 Bxe7 10. Nd2 Na5 11. f4 c5 12. O-O O-O 13. Ng3 Nc6 14.
Nh5 Kh8 15. f5 exf5 16. Rxf5 g6 17. Rf6 Bxf6 18. Nxf6 cxd4 19. cxd4 Ne7 20. Rf1
Ng8 21. Qh3 Qb6 22. Qh4 Qe6 23. Nf3 Qf5 24. Nxg8 Kxg8 25. g4 Qf4 26. h3 Rac8
27. Kh1 Rc1 28. Qf2 Rxf1+ 29. Qxf1 Rc8 30. Qf2 Rc1+ 31. Kg2 Qe4 32. Kg3 g5 33.
h4 Qf4+ 34. Kg2 Qxg4+ 35. Kh2 gxh4 36. Nxh4 0-1

[Event "Flint (MEX/1)"]
[Site "?"]
[Date "1991.??.??"]
[Round "?"]
[White "Levine, H."]
[Black "Gabbara, Faris"]
[Result "0-1"]
[WhiteElo "2040"]
[BlackElo "2125"]
[PlyCount "36"]
[EventDate "1991.??.??"]

1. e4 e5 2. Nf3 Nf6 3. Nxe5 d6 4. Nf3 Nxe4 5. d4 d5 6. Bd3 Bd6 7. O-O O-O 8. c4
c6 9. Nc3 Nxc3 10. bxc3 dxc4 11. Bxh7+ Kxh7 12. Ng5+ Kg6 13. h4 Rh8 14. g4 Rxh4
15. Qc2+ f5 16. f3 Qh8 17. Qg2 Rh2 18. gxf5+ Bxf5 0-1

[Event "Flint (MEX/4)"]
[Site "?"]
[Date "1991.??.??"]
[Round "?"]
[White "Levine, H."]
[Black "Brooks, John"]
[Result "0-1"]
[WhiteElo "2040"]
[BlackElo "2250"]
[PlyCount "66"]
[EventDate "1991.??.??"]

1. e4 c5 2. Nf3 Nf6 3. Nc3 Nc6 4. d3 d5 5. Bg5 d4 6. Ne2 e5 7. g3 h6 8. Bd2 g5
9. h3 Be6 10. Bg2 Qd7 11. c4 dxc3 12. Bxc3 Qc7 13. Qa4 Bd6 14. Rc1 Rb8 15. a3
b5 16. Qd1 a5 17. b3 a4 18. bxa4 bxa4 19. Rb1 Rxb1 20. Qxb1 Ke7 21. O-O Rb8 22.
Qa1 Nd7 23. Rb1 Nd4 24. Nexd4 cxd4 25. Bb4 Bxb4 26. Rxb4 Rxb4 27. axb4 Qc2 28.
Qa3 Qb3 29. Qxb3 Bxb3 30. Nd2 Bc2 31. Nc4 Bxd3 32. Na3 Nb6 33. f3 Nc4 0-1

[Event "East Lansing (MOR/1)"]
[Site "?"]
[Date "1991.??.??"]
[Round "?"]
[White "Letourneau, Keith"]
[Black "Sanborn, Neil"]
[Result "1-0"]
[WhiteElo "1640"]
[BlackElo "1605"]
[PlyCount "29"]
[EventDate "1991.??.??"]

1. e4 e6 2. d4 d5 3. e5 c5 4. c3 cxd4 5. cxd4 Bb4+ 6. Bd2 Bxd2+ 7. Nxd2 Ne7 8.
Ngf3 O-O 9. Bd3 Nbc6 10. h4 Nb4 11. Bb1 b6 12. Qb3 Nec6 13. a3 Na6 14. Qc2 Na5
15. Qxh7# 1-0

[Event "East Lansing (MOR/3)"]
[Site "?"]
[Date "1991.??.??"]
[Round "?"]
[White "Letourneau, Keith"]
[Black "Idzikowski, T."]
[Result "1-0"]
[WhiteElo "1640"]
[BlackElo "1605"]
[PlyCount "45"]
[EventDate "1991.??.??"]

1. e4 e5 2. Nf3 Nc6 3. Bc4 Nf6 4. d3 h6 5. Nc3 Bb4 6. Bd2 Bxc3 7. Bxc3 d6 8.
Qe2 Bg4 9. h3 Bxf3 10. gxf3 Qe7 11. Rg1 g5 12. Bb5 Qd7 13. Qe3 Nh5 14. d4 O-O-O
15. d5 Rde8 16. dxc6 bxc6 17. Ba6+ Kd8 18. O-O-O Nf4 19. Bxe5 Rhg8 20. Qxa7
Nxh3 21. Bf6+ Qe7 22. Bxe7+ Kxe7 23. Qxc7+ 1-0

[Event "Detroit (HPO/1/9)"]
[Site "?"]
[Date "1991.??.??"]
[Round "?"]
[White "Lester, T."]
[Black "Owens, James"]
[Result "0-1"]
[WhiteElo "1605"]
[BlackElo "2120"]
[PlyCount "72"]
[EventDate "1991.??.??"]

{1/(9)} 1. e4 c5 2. Nf3 d6 3. b3 Nf6 4. d3 g6 5. Bb2 Bg7 6. Be2 O-O 7. O-O Nc6
8. Nbd2 Qc7 9. Re1 Rd8 10. Rb1 d5 11. exd5 Nxd5 12. Bxg7 Kxg7 13. Qc1 Kg8 14.
Qb2 b6 15. Rbc1 Bb7 16. Ne4 Rac8 17. a3 Nf4 18. Bf1 Nd4 19. Nfd2 Qc6 20. f3 Rc7
21. Nf2 Qf6 22. Qb1 Qg5 23. Nde4 Bxe4 24. Nxe4 Qh6 25. c3 Nf5 26. Qc2 Rcd7 27.
Rcd1 Nd5 28. Qe2 Qg7 29. Rc1 Nf4 30. Qc2 Nxd3 31. Bxd3 Rxd3 32. Kf2 Qh6 33. Re2
Qxh2 34. Ree1 Nh4 35. Rg1 Rxf3+ 36. Ke2 Rf5 0-1

[Event "Detroit (HPO/3/17)"]
[Site "?"]
[Date "1991.??.??"]
[Round "?"]
[White "Lester, T."]
[Black "Manion, Tom"]
[Result "0-1"]
[WhiteElo "1605"]
[BlackElo "1865"]
[PlyCount "98"]
[EventDate "1991.??.??"]

{3/(17)} 1. e4 e5 2. Nf3 Nf6 3. Nc3 Bb4 4. d3 Nc6 5. Bg5 h6 6. Bh4 d6 7. Be2
Be6 8. O-O g5 9. Bg3 Qd7 10. a3 Bc5 11. Re1 Nd4 12. b4 Nxf3+ 13. Bxf3 Bd4 14.
Qd2 Qc6 15. Nd5 Nxd5 16. exd5 Bxd5 17. Bxd5 Qxd5 18. c3 Bb6 19. d4 O-O-O 20.
Rac1 f5 21. Qc2 f4 22. c4 Qxd4 23. Red1 fxg3 24. Rxd4 gxf2+ 25. Kxf2 Bxd4+ 26.
Ke2 Rdf8 27. Rf1 Rxf1 28. Kxf1 Rf8+ 29. Ke1 Rf4 30. Qg6 b6 31. Qe8+ Kb7 32. b5
Bc3+ 33. Ke2 Rxc4 34. a4 Bd4 35. Kd3 d5 36. Qd7 e4+ 37. Ke2 Rc2+ 38. Kd1 Rc5
39. Kd2 Bg1 40. h3 Bh2 41. g4 Bf4+ 42. Kd1 a6 43. bxa6+ Kxa6 44. Qc8+ Ka7 45.
Qf5 Kb7 46. h4 Bc1 47. Ke2 gxh4 48. Qe5 h3 49. Qh2 Rc2+ 0-1

[Event "Detroit (HPO/5/18)"]
[Site "?"]
[Date "1991.??.??"]
[Round "?"]
[White "Lester, T."]
[Black "Dmuchowski, Frank"]
[Result "1-0"]
[WhiteElo "1605"]
[BlackElo "1810"]
[PlyCount "77"]
[EventDate "1991.??.??"]

{5/(18)} 1. e4 e5 2. Nf3 Nc6 3. Bb5 a6 4. Bxc6 dxc6 5. O-O Bd6 6. d3 Nf6 7. Be3
h6 8. Nbd2 Bg4 9. a3 Qe7 10. Re1 O-O 11. c3 b5 12. Qc2 c5 13. h3 Bh5 14. d4 Bg6
15. dxe5 Bxe5 16. Nxe5 Qxe5 17. Rad1 Rfd8 18. f4 Qe8 19. Bxc5 Qc6 20. Be7 Rd7
21. Bxf6 Qxf6 22. Rf1 Qb6+ 23. Kh1 f6 24. f5 Bf7 25. Nf3 Rad8 26. Rxd7 Rxd7 27.
Rd1 Rxd1+ 28. Qxd1 c5 29. Qd2 Qc6 30. Qd3 Bc4 31. Qc2 a5 32. b3 Bf7 33. e5 fxe5
34. Nxe5 Qf6 35. Ng6 c4 36. b4 a4 37. Kh2 Be8 38. Qe4 Bf7 39. Qa8+ 1-0

[Event "Flint (MEX/1)"]
[Site "?"]
[Date "1991.??.??"]
[Round "?"]
[White "Lehotzky, Attila"]
[Black "Noren, Kevin"]
[Result "1/2-1/2"]
[WhiteElo "2065"]
[BlackElo "2305"]
[PlyCount "82"]
[EventDate "1991.??.??"]

1. d4 Nf6 2. c4 e6 3. Nf3 d5 4. e3 c5 5. Nc3 Nc6 6. Be2 a6 7. cxd5 exd5 8. O-O
Bd6 9. dxc5 Bxc5 10. a3 O-O 11. Qc2 Bg4 12. h3 Be6 13. Bd3 h6 14. Ne2 Ba7 15.
Bxa6 Qd7 16. Bd3 Rac8 17. Qd1 g5 18. Nfd4 Ne4 19. Nxe6 Qxe6 20. Bxe4 dxe4 21.
Nc3 Rfd8 22. Qa4 f5 23. Rd1 Bb8 24. Rxd8+ Rxd8 25. Qc2 Qd6 26. g3 Kh7 27. b4
Ne5 28. Kg2 Nd3 29. Bb2 Qe6 30. Ne2 Rc8 31. Qd2 Qb3 32. Bc3 b5 33. Qa2 Qc4 34.
Qxc4 Rxc4 35. Ra2 Bd6 36. Kf1 f4 37. gxf4 gxf4 38. Bd2 fxe3 39. Bxe3 Be5 40.
Kg2 Kg6 41. f4 Bb2 1/2-1/2

[Event "Flint (MEX/2)"]
[Site "?"]
[Date "1991.??.??"]
[Round "?"]
[White "Lehotzky, Attila"]
[Black "Everett, Morgan"]
[Result "1/2-1/2"]
[WhiteElo "2065"]
[BlackElo "2115"]
[PlyCount "51"]
[EventDate "1991.??.??"]

1. d4 Nf6 2. c4 e6 3. Nf3 c5 4. e3 d5 5. Nc3 Nc6 6. cxd5 exd5 7. dxc5 Bxc5 8.
a3 O-O 9. Bd3 Bg4 10. h3 Bh5 11. O-O Qe7 12. b4 Bd6 13. Bb2 Rad8 14. Be2 a6 15.
b5 Ne5 16. Nd4 Nc4 17. Bc1 Bxe2 18. Qxe2 Qc7 19. Bb2 Nxb2 20. Qxb2 Be5 21. Nce2
Ne4 22. Rac1 Qb6 23. a4 Rc8 24. Rxc8 Rxc8 25. Rc1 Rd8 26. Qb4 1/2-1/2

[Event "Detroit (HPO/4/5)"]
[Site "?"]
[Date "1991.??.??"]
[Round "?"]
[White "Laren, Philip"]
[Black "Turner, George"]
[Result "1/2-1/2"]
[WhiteElo "2210"]
[BlackElo "2110"]
[PlyCount "132"]
[EventDate "1991.??.??"]

{4/(5)} 1. d4 Nf6 2. c4 g6 3. Nc3 Bg7 4. e4 d6 5. Be2 O-O 6. Nf3 Bg4 7. Be3 Nc6
8. d5 Bxf3 9. Bxf3 Ne5 10. Be2 c6 11. O-O Qc7 12. Rc1 Rfc8 13. f3 Qa5 14. Qa4
Qxa4 15. Nxa4 c5 16. a3 Ne8 17. b4 b6 18. f4 Nd7 19. Bg4 Nef6 20. Bf3 h5 21. h3
a6 22. bxc5 bxc5 23. g3 Rab8 24. Rb1 Rxb1 25. Rxb1 Rb8 26. Rxb8+ Nxb8 27. Nb6
Nfd7 28. Nc8 Kf8 29. Bd2 Bb2 30. a4 Ba3 31. Bc3 Bb4 32. Bb2 Ke8 33. e5 dxe5 34.
fxe5 Kd8 35. d6 e6 36. Ne7 Nb6 37. Be2 Nxa4 38. Bc1 Bc3 39. Bg5 Kd7 40. Bf4 g5
41. Bxg5 Bxe5 42. Ng8 Bxg3 43. Nf6+ Kc8 44. Ne4 Be5 45. Bxh5 f5 46. Nf6 Nd7 47.
Ne8 Nab6 48. Bf7 a5 49. Bxe6 a4 50. Bc1 f4 51. h4 Kd8 52. Nc7 Bxd6 53. Nb5 Be5
54. Na3 Ke7 55. Bf5 Kf6 56. Be4 Kg7 57. Kg2 Nf6 58. Bc6 Kg6 59. Nc2 Kf5 60. Kf3
Nxc4 61. Bxa4 Nb2 62. Bb5 Nd5 63. Bd7+ Kf6 64. Bc6 Ne7 65. Be4 Nf5 66. Kg4 Nd6
1/2-1/2

[Event "Flint (MEX/4)"]
[Site "?"]
[Date "1991.??.??"]
[Round "?"]
[White "Laren, Philip"]
[Black "Noren, Kevin"]
[Result "1/2-1/2"]
[WhiteElo "2215"]
[BlackElo "2305"]
[PlyCount "89"]
[EventDate "1991.??.??"]

1. e4 e5 2. Nc3 Nf6 3. Bc4 Nc6 4. f4 Bc5 5. d3 d6 6. Nf3 Bg4 7. Na4 Bb6 8. c3
d5 9. Nxb6 axb6 10. exd5 Nxd5 11. O-O O-O 12. h3 Bxf3 13. Qxf3 Nxf4 14. Bxf4
exf4 15. Qxf4 Qd7 16. Bb5 Qd5 17. Bc4 Qd7 18. d4 Rae8 19. Rae1 Re7 20. Rxe7
Qxe7 21. Rf3 Na5 22. Re3 Qd7 23. Be2 c5 24. Bg4 Qa4 25. a3 Nc6 26. Rd3 Rd8 27.
Qc7 cxd4 28. cxd4 Qc2 29. Rf3 Qc4 30. Kh2 Rxd4 31. Qxb7 g6 32. Rc3 Qd5 33. Qxc6
Qe5+ 34. Kg1 Qe1+ 35. Kh2 Qe5+ 36. Rg3 h5 37. Bxh5 Qxh5 38. Qe8+ Kg7 39. Rf3
Qd5 40. Re3 Rd2 41. Re2 Qd6+ 42. Kh1 Rd1+ 43. Re1 Rd2 44. b4 Rd3 45. Qa8
1/2-1/2

[Event "Detroit (HPO/2/5)"]
[Site "?"]
[Date "1991.??.??"]
[Round "?"]
[White "Laren, Philip"]
[Black "June, Brian"]
[Result "1-0"]
[WhiteElo "2210"]
[BlackElo "1870"]
[PlyCount "79"]
[EventDate "1991.??.??"]

{2/(5)} 1. d4 Nf6 2. c4 g6 3. Nc3 Bg7 4. e4 d6 5. Be2 O-O 6. Nf3 Nbd7 7. O-O e5
8. Re1 Ne8 9. Bg5 f6 10. Bh4 c6 11. dxe5 dxe5 12. Nxe5 Qc7 13. Nd3 Ne5 14. Bg3
Be6 15. Nf4 Bf7 16. c5 Qe7 17. Na4 Nc7 18. Qc2 Rfd8 19. Rad1 g5 20. Nd3 Ne6 21.
b4 Nd4 22. Qb2 Nc4 23. Qc1 Qe6 24. Bf1 h5 25. e5 h4 26. exf6 Qxf6 27. Be5 Nxe5
28. Nxe5 Bxa2 29. Qa1 Bb3 30. Rxd4 Rxd4 31. Qxd4 Bxa4 32. Bc4+ Kh8 33. Qg4 Rf8
34. Qh5+ Bh6 35. Ng6+ Kg7 36. Nxf8 Qxf8 37. Re8 Qf6 38. Re1 Bc2 39. Qe8 Bg6 40.
Qg8# 1-0

[Event "Flint (MEX/2)"]
[Site "?"]
[Date "1991.??.??"]
[Round "?"]
[White "Laren, Philip"]
[Black "Calton, Bill"]
[Result "1/2-1/2"]
[WhiteElo "2215"]
[BlackElo "2050"]
[PlyCount "67"]
[EventDate "1991.??.??"]

1. d4 g6 2. e4 d6 3. c4 Bg7 4. Nc3 Nc6 5. Be3 e5 6. Nge2 f5 7. dxe5 Nxe5 8. Ng3
Ne7 9. Be2 O-O 10. exf5 Nxf5 11. Nxf5 Bxf5 12. Qd5+ Kh8 13. Rd1 Nc6 14. O-O a6
15. Qd2 Qf6 16. Bg5 Qf7 17. b3 Nd4 18. Be3 Nxe2+ 19. Nxe2 Be4 20. Bd4 Rae8 21.
Bxg7+ Qxg7 22. Nd4 Qf6 23. Rfe1 Bf5 24. Nxf5 Qxf5 25. Re3 Rxe3 26. Qxe3 Qf4 27.
Qe2 Rf7 28. Re1 Kg7 29. g3 Qf3 30. Qxf3 Rxf3 31. Kg2 Rf7 32. f4 Kf6 33. Kf3 Rd7
34. g4 1/2-1/2